000 00594cam a2200217 4500
001 J94085
008 090401t1998 xxu||||| |||| 00| 0 eng d
035 _a(Sirsi) u88691
041 _aeng
050 _a306.109421
110 _aLondon Research Centre
_93277
245 _aLondon house prices quarterly bulletin. - No. 46 (January - March 1998) - No. 48 (July - September 1998)
260 _aLondon
_bLondon Research Centre
_c1998
300 _a3 pt. ; 30cm.
350 _a30
650 _aHOUSE PRICES
650 _aLONDON
690 _aHOUSING
942 _n0
948 _c28/09/1998
999 _c97369
_d97369